Zásady socialistického súťaženia

Bibliographic Details
Format: Book
Language:Slovak
PhysicalDescription:13, [1] s. 22 cm
Published: Zvolen Redakčná rada okresných novín Vpred [1961]
Subjects:

MARC

LEADER 00000cam a2200000 a 4500
001 vtls008326154
003 SK-MaSNL
005 20260301142052.0
008 230403s1961 xo g f 000 0 slo
015 |a SNBA1961/04-00551 
020 |q (viazané) 
035 |a SK01SNK19610018371 
035 |a urn:nbn:sk:snk-am3if6f 
035 |a urn:nbn:sk:snk-am00e7zf 
035 |a B9EAFB1D-03AE-4752-8EA7-3E83C48E65F0 
035 |a SKM000020834 
040 |a SNK  |b slo  |c SNK  |e AACR2 
041 0 |a slo 
044 |a xo  |c SK 
080 |a 331.876  |2 1981 
245 0 0 |a Zásady socialistického súťaženia 
260 |a Zvolen  |b Redakčná rada okresných novín Vpred  |c [1961]  |e Zvolen  |f Tlačiarne SNP 
300 |a 13, [1] s.  |c 22 cm 
650 0 7 |a socialistické súťaženie  |2 SNKPH  |9 88207 
655 7 |a príručky  |2 SNKPH  |9 74364 
852 |a Slovenská národná knižnica 
954 |a odborná, vedecká literatúra pôvodná (slovenská)  |2 lita 
958 |a TL 
958 |a RK 
958 |a OND 
958 |a SP 
958 |a EUIPO 
999 |c 769039  |d 770969 
952 |a SNK  |b SNK  |y PREZ  |7 0  |p 17A0843200  |o snkSC 15216  |i snkKSP 2258/61  |0 0  |1 0  |4 0  |d 2020-04-25  |f 1  |l 0  |r 2025-07-16 00:00:00  |w 2026-02-24 
952 |a SNK  |b SNK  |y VYP  |7 0  |o snkSC 15216 D1  |0 0  |1 0  |4 0  |d 2020-04-25  |l 0  |r 2026-02-24 00:29:41  |w 2026-02-24